ბათუმის შოთა რუსთაველის სახელმწიფო უნივერსიტეტის ბიბლიოთეკა

აუდიტი. აღრიცხვა. ფინანსები :№10(166).2013. (ბიბ.ჩანაწერი № 41976)

000 -LEADER
fixed length control field 00776nam a2200157Ia 4500
001 - CONTROL NUMBER
control field 8660
003 - CONTROL NUMBER IDENTIFIER
control field GE_BSU
008 - FIXED-LENGTH DATA ELEMENTS--GENERAL INFORMATION
fixed length control field 181216s||||||||xx |||||||||||||| ||und||
040 ## - CATALOGING SOURCE
Transcribing agency GE_BSU
245 ## - TITLE STATEMENT
Title აუდიტი. აღრიცხვა. ფინანსები :№10(166).2013.
245 ## - TITLE STATEMENT
Remainder of title ყოველთვიური ჟურნალი მეწარმეებისა და ფინანსისტებისათვის.
245 ## - TITLE STATEMENT
Statement of responsibility, etc. გენ.დირ.ფრიდონ ალშიბაია,მთავარი რედაქტორი: გიორგი ცერცვაძე.
653 ## - INDEX TERM--UNCONTROLLED
Uncontrolled term აუდიტი. აღრიცხვა. ფინანსები
653 ## - INDEX TERM--UNCONTROLLED
Uncontrolled term პერიოდიკა
942 ## - ADDED ENTRY ELEMENTS (KOHA)
Koha item type პერიოდიკა
ეგზემპლარები
Withdrawn status Lost status Damaged status Not for loan Date acquired Barcode Date last seen Price effective from Koha item type
        2018-12-17 p75962 2018-12-17 2018-12-17 პერიოდიკა